3-Letter Word Chain - Statistics

General Stats
  • This quiz has been taken 57 times
  • The average score is 25 of 30
Answer Stats
Hint Answer % Correct
What winners do Win
100%
A common type of wood Oak
98%
Opposite of cooked Raw
98%
The first prime number Two
96%
"___ are my fire / The one desire" You
96%
To shake your head up and down Nod
94%
The most known dinosaur, Tyrannousaurus ___ Rex
94%
Part of the body that listens Ear
92%
The companion of Adam, on the Bible Eve
92%
The ___ to success Key
92%
To ingest food Eat
90%
"I scream, you scream, we all scream for ___ cream!" Ice
90%
12, in Roman numerals XII
90%
Most common English word The
88%
The edge of the mouth Lip
86%
To make a mistake Err
84%
When two players end the round with equal points Tie
84%
What a period is Dot
80%
Complete the sequence: Won, Too, Tree, ___ For
80%
The small version of an hotel Inn
78%
A popular music genre Pop
76%
Recent New
73%
Negative word Not
71%
What the animal the Duolingo's mascot is Owl
69%
This + interest = Famous app to grab ideas Pin
67%
Little tap on the top of the head, usually on animals Pat
65%
The seventeenth Greek letter Rho
63%
It's a synonym for hint, point and baksheesh Tip
63%
Can go with corn, verse or form Uni
59%
Common slang for confusion and surprise WTF
47%
No matching quizzes found
Score Distribution
Percent of People with Each Score
Percentile by Number Answered
Your Score History
You have not taken this quiz